书目信息 |
| 题名: |
多联式空调(热泵)机组= Multi-connected air-condition (heat pump) unit
|
|
| 作者: | ;中华人民共和国国家质量监督检验检疫总局 | |
| 分册: | ||
| 出版信息: | 2015.12 |
|
| 页数: | 50页 | |
| 开本: | 26cm | |
| 丛书名: | ||
| 单 册: | ||
| 中图分类: | TU831.4-62 , TB657.2-65 | |
| 科图分类: | ||
| 主题词: | 空气调节设备--kong qi tiao jie she bei--指南 , 制冷--机械 , 制冷--设备 | |
| 电子资源: | ||
| ISBN: | ||
| 000 | 01081nam0 2200253 450 | |
| 001 | 1955020195 | |
| 005 | 20191125152029.69 | |
| 010 | @dRMB 48.00 | |
| 100 | @a20110623d2015 em y0chiy50 ea | |
| 101 | 0 | @achi |
| 105 | @aa z 000yy | |
| 200 | 1 | @a多联式空调(热泵)机组= Multi-connected air-condition (heat pump) unit@Aduo lian shi kong diao(re beng)ji zu=Multi-connected air-condition(heat pump)unit@eGB 29541-2013@f中华人民共和国国家质量监督检验检疫总局@Fzhong hua ren min gong he guo guo jia zhi liang jian du jian yan jian yi zong ju |
| 210 | @d2015.12 | |
| 215 | @a50页@c图@d26cm | |
| 333 | @a本书适用于制冷、空调领域的产品研发、质量检测、工程设计、施工运行等专业技术人员 | |
| 517 | @aGB 29541-2013 | |
| 606 | 0 | @a空气调节设备@Akong qi tiao jie she bei@j指南 |
| 606 | 0 | @a制冷@x机械 |
| 606 | 0 | @a制冷@x设备 |
| 690 | @aTU831.4-62@v5 | |
| 690 | @aTB657.2-65@v4 | |
| 711 | 02 | @a中华人民共和国国家质量监督检验检疫总局@Azhong hua ren min gong he guo guo jia zhi liang jian du jian yan jian yi zong ju |
| 801 | 0 | @aCN@c20110610 |
| 905 | @b1016225-7@dTB657.2-65@eG936@f3 | |
| 多联式空调(热泵)机组= Multi-connected air-condition (heat pump) unit:GB 29541-2013/中华人民共和国国家质量监督检验检疫总局.-2015.12 |
| 50页:图;26cm |
| 使用对象:本书适用于制冷、空调领域的产品研发、质量检测、工程设计、施工运行等专业技术人员 |
| ISBN :RMB 48.00 |
| ● |
| 相关链接 |
|
|
|
正题名:多联式空调(热泵)机组= Multi-connected ai
索取号:TB657.2-65/G936
 
预约/预借
| 序号 | 登录号 | 条形码 | 馆藏地/架位号 | 状态 | 备注 |
| 1 | 1303297 | 213032975 | 能源与建筑环境工程学院资料室/ [索取号:TB657.2-65/G936] | 在馆 | |
| 2 | 1303298 | 213032984 | 能源与建筑环境工程学院资料室/ [索取号:TB657.2-65/G936] | 在馆 | |
| 3 | 1303299 | 213032993 | 能源与建筑环境工程学院资料室/ [索取号:TB657.2-65/G936] | 在馆 |